Click Languages on a Map #2 - Statistics

General Stats
  • This quiz has been taken 166 times
  • The average score is 9 of 11
Answers on the Map
Answers color-coded by a green-red scale on the quiz's map according to % correct below.
 
Answer Stats
Answer % Correct
Italian
89%
Filipino
88%
Thai
88%
Greek
87%
Vietnamese
83%
Bengali
81%
Swahili
79%
Quechua
77%
Urdu
77%
Zulu
77%
Sinhala
57%
No matching quizzes found
Score Distribution
Percent of People with Each Score
Percentile by Number Answered
Your Score History
You have not taken this quiz